Un club vainqueurs de la LDC par pays - Statistiques

Statistiques générales
  • Ce quiz a été pris 730 fois
  • Le résultat moyen est 9 sur 10
Statistiques - réponses
Pays Clubs % Correct
Espagne Real Madrid / FC Barcelone
100%
Italie AC Milan / Inter Milan / Juventus
99%
Allemagne Bayern Munich / Borussia Dortmund / +1
99%
Angleterre Liverpool / Man United / Man City / +3
99%
France Olympique de Marseille
99%
Portugal FC Porto / Benfica Lisbonne
98%
Pays-Bas Ajax Amsterdam / PSV Eindhoven / +1
95%
Ecosse Celtic Glasgow
79%
Serbie Etoile rouge de Belgrade
66%
Roumanie Steaua Bucarest
58%
Aucun quiz correspondant
Distribution des résultats
% des personnes avec chaque résultat
Percentile par nombre de réponses
Votre historique - résultats
Vous n’avez pas pris ce quiz